West End market briefing. - Winter 1995/6 - Autumn 1996 (Record no. 93599)

MARC details
000 -LEADER
fixed length control field 00589cam a2200241 4500
001 - CONTROL NUMBER
control field J3493
008 - FIXED-LENGTH DATA ELEMENTS--GENERAL INFORMATION
fixed length control field 090401t1996 xxu||||| |||| 00| 0 eng d
035 ## - SYSTEM CONTROL NUMBER
System control number (Sirsi) u55361
041 ## - LANGUAGE CODE
Language code of text/sound track or separate title eng
050 ## - LIBRARY OF CONGRESS CALL NUMBER
Classification number 333.3370942132
110 ## - MAIN ENTRY--CORPORATE NAME
Corporate name or jurisdiction name as entry element St Quintin
245 ## - TITLE STATEMENT
Title West End market briefing. - Winter 1995/6 - Autumn 1996
260 ## - PUBLICATION, DISTRIBUTION, ETC.
Place of publication, distribution, etc. London
Name of publisher, distributor, etc. St Quintin
Date of publication, distribution, etc. 1996
300 ## - PHYSICAL DESCRIPTION
Extent 4 pt. ; 30cm.
350 ## - PRICE (NR) (BK AM CF MU VM SE) [OBSOLETE]
Price 0
650 ## - SUBJECT ADDED ENTRY--TOPICAL TERM
Topical term or geographic name entry element LONDON
650 ## - SUBJECT ADDED ENTRY--TOPICAL TERM
Topical term or geographic name entry element OFFICES
650 ## - SUBJECT ADDED ENTRY--TOPICAL TERM
Topical term or geographic name entry element RENT
650 ## - SUBJECT ADDED ENTRY--TOPICAL TERM
Topical term or geographic name entry element WEST END OF LONDON
690 ## - LOCAL SUBJECT ADDED ENTRY--TOPICAL TERM (OCLC, RLIN)
Topical term or geographic name as entry element PROPERTY-COMMERCIAL PROPERTY
942 ## - ADDED ENTRY ELEMENTS (KOHA)
Suppress in OPAC 0
948 ## - LOCAL PROCESSING INFORMATION (OCLC); SERIES PART DESIGNATOR (RLIN)
c (OCLC) 04/03/1997
Holdings
Withdrawn status Lost status Source of classification or shelving scheme Damaged status Not for loan Home library Current library Shelving location Date acquired Total Checkouts Full call number Barcode Date last seen Copy number Price effective from Koha item type
    Dewey Decimal Classification     London London Property market reports 14/02/1996   PROPERTY MARKET REPORTS 30047263 06/08/2019 1 06/08/2019 Book
    Dewey Decimal Classification     London London Property market reports 13/05/1996   PROPERTY MARKET REPORTS 30047751 06/08/2019 2 06/08/2019 Book
    Dewey Decimal Classification     London London Property market reports 06/08/1996   PROPERTY MARKET REPORTS 30051432 06/08/2019 4 06/08/2019 Book